Sports Quiz

Random Sports or NFL Quiz
Score 0/40 Timer 06:00
2 Plays Today
% Correct
LaDainian Tomlinson
94.5%
Terrell Davis
88.1%
Clarence Davis
87.2%
Marcus Allen
79.8%
Marcus Allen
79.8%
Jamaal Charles
78.1%
Priest Holmes
76.6%
Larry Johnson
75.5%
Melvin Gordon
67.5%
Mike Anderson
63.9%
Clinton Portis
52.3%
Christian Okoye
48.9%
C.J. Anderson
46.8%
Darren McFadden
42.8%
Natrone Means
36.4%
Ryan Mathews
36.3%
Knowshon Moreno
34.5%
John Elway
25.8%
Marion Butts
24.8%
Napoleon Kaufman
24.3%
% Correct
Floyd Little
24.2%
Chuck Muncie
23%
Justin Fargas
22%
Sammy Winder
20.3%
Mark Van Eeghen
19.5%
Tyrone Wheatley
19.5%
Mike Garrett
11.7%
Otis Armstrong
11.7%
Ed Podolak
9.4%
Marv Hubbard
9.3%
Clem Daniels
6.9%
Don Woods
6.2%
Paul Lowe
5.6%
Pete Banaszak
5.2%
Keith Lincoln
4.8%
Abner Haynes
4.3%
Dickie Post
4.2%
Jon Keyworth
3.7%
Herman Heard
2.7%
Curtis McClinton
2.5%

You're not logged in!

Compare scores with friends on all Sporcle quizzes.
OR
Log In

Sporcle TV

Today on Sporcle TV


Watch our educational content, quiz creation guides, and fun videos on Sporcle TV.

Show Comments

Extras

Top Quizzes Today


Score Distribution

Paid Content

Your Account Isn't Verified!

In order to create a playlist on Sporcle, you need to verify the email address you used during registration. Go to your Sporcle Settings to finish the process.

Report this User

Report this user for behavior that violates our Community Guidelines.

Details: